Arquitectura gótica catalana / (Record no. 45175)
[ view plain ]
| 000 -LEADER | |
|---|---|
| campo de control de longitud fija | 00758nam a2200229 i 4500 |
| 001 - NÚMERO DE CONTROL | |
| campo de control | 45175 |
| 003 - IDENTIFICADOR DE NÚMERO DE CONTROL | |
| campo de control | ES-MaACL |
| 005 - FECHA Y HORA DE LA ÚLTIMA TRANSACCIÓN | |
| campo de control | 20251113132024.0 |
| 007 - CAMPO FIJO DE DESCRIPCIÓN FÍSICA--INFORMACIÓN GENERAL | |
| campo de control de longitud fija | t| |
| 008 - DATOS DE LONGITUD FIJA--INFORMACIÓN GENERAL | |
| campo de control de longitud fija | 030325s1973 sp ||||1| spa d |
| 100 1# - ENTRADA PRINCIPAL--NOMBRE DE PERSONA | |
| Nombre de persona | Cirici, Alexandre. |
| 9 (RLIN) | 38890 |
| 245 10 - MENCIÓN DEL TÍTULO | |
| Título | Arquitectura gótica catalana / |
| Mención de responsabilidad, etc. | Alexandre Cirici ; fotografías Oriol Maspone, [traducción, Xavier Gispert]. |
| 260 ## - PUBLICACIÓN, DISTRIBUCIÓN, ETC. | |
| Lugar de publicación, distribución, etc. | [Barcelona : |
| Nombre del editor, distribuidor, etc. | Lumen, |
| Fecha de publicación, distribución, etc. | 1973] |
| 300 ## - DESCRIPCIÓN FÍSICA | |
| Extensión | 412 p., 50 lám. : |
| Otras características físicas | il. ; |
| Dimensiones | 31 cm. |
| 490 1# - MENCIÓN DE SERIE | |
| Mención de serie | Palabra y forma |
| 650 #4 - PUNTO DE ACCESO ADICIONAL DE MATERIA--TÉRMINO DE MATERIA | |
| Término de materia o nombre geográfico como elemento de entrada | Arquitectura gótica- |
| Subdivisión geográfica | Cataluña. |
| 9 (RLIN) | 165040 |
| 700 1# - ENTRADA AGREGADA--NOMBRE PERSONAL | |
| Nombre de persona | Maspons, Oriol, |
| Fechas asociadas al nombre | 1928-2013 |
| 9 (RLIN) | 78772 |
| 700 1# - ENTRADA AGREGADA--NOMBRE PERSONAL | |
| Nombre de persona | Gispert, Javier. |
| 9 (RLIN) | 156892 |
| 830 0# - PUNTO DE ACCESO ADICIONAL DE SERIE-TÍTULO UNIFORME | |
| Título uniforme | Palabra y forma |
| 9 (RLIN) | 229928 |
| 852 ## - LOCALIZACIÓN | |
| Ubicación | ES-MaACL |
| Número de control de estantería | E-8784 |
| Sublocalización o colección | R.93110 |
| Estatus retirado | Estado de pérdida | Estado de daño | No para préstamo | Biblioteca de origen | Biblioteca actual | Ubicación en estantería | Fecha de adquisición | Fuente de adquisición | Total de préstamos | Signatura topográfica completa | Código de barras | Visto por última vez | Precio de reemplazo | Tipo de ítem Koha |
|---|---|---|---|---|---|---|---|---|---|---|---|---|---|---|
| Biblioteca del Ateneo de Madrid | Biblioteca del Ateneo de Madrid | Depósito 2 | 17/01/2008 | E-8784 | 1047540 | 23/02/2023 | 23/02/2023 | Libro impreso |
